000 01342nam a2200325Ia 4500
001 Z_7151
003 CHAP
008 220113s1982 xx 000 0 und d
010 _a170422
020 _a968-6927-19-0 (obra completa) \ 968-6927-25-5 (T.1)
040 _cCHAP
082 _a636.0891 S57 1982sc
100 _aSisson, Septimus
_9106700
245 _aSisson y grossman anatomía de los animales domésticos /
_cSeptimus Sisson y James Daniels Grossman
250 _a5a ed. / Robert Getty ; coordinación editorial Cynthia Ellenport Rosenbaunm, N. G. Ghoshal y Daniel Hillman
260 _aMéxico, D.F. :
_bSalvat Ciencia y cultura latinoamérica,
_c1982
300 _axxxi, 1335 p.
500 _aTraducción de la obra en inglés: Sisson and Grossman´s The anatomy of the domestic animals, 5a ed. \ La biblioteca cuanta solo con el Tomo 1
503 _aej.1 T.1: Reposición ( del título: SissonSisson y grossman anatomía de los animales domésticos 4a ed. de 1959 ej.2 636.0891 S57 adq. 1740)
504 _aIncluye bibliografía
650 _aAnatomía veterinaria
_9139604
650 _aAnimales domésticos
_xAnatomía y fisiología
_95892
700 _aGrossman, James Daniels, aut.
_9139608
901 _a636.0891 S57 1982SC
902 _aM
910 _a1982
942 _c1
942 _cc1
999 _c170422
_d170422